| 000 | 00611nam a2200181Ia 4500 | ||
|---|---|---|---|
| 008 | 090122s9999 xx 000 0 und d | ||
| 082 |
_b471 _aO155:9 |
||
| 100 |
_aआपटे _bवा _cशी |
||
| 245 | _aवि स खांडेकर ओळख व अभ्यास | ||
| 260 |
_b"श्री गणराज, पुणे" _c1976 |
||
| 300 | _a92 | ||
| 501 | _a-- | ||
| 600 | _aआपटे | ||
| 630 | _aवि स खांडेकर ओळख व अभ्यास | ||
| 700 | _aआपटे | ||
| 730 | _aवि स खांडेकर ओळख व अभ्यास | ||
| 942 | _cBOOK | ||
| 999 |
_c24549 _d24549 |
||